AQA GCSE Business studies (Record no. 3168)

MARC details
005 - DATE AND TIME OF LATEST TRANSACTION
control field 20250605064219.0
020 ## - INTERNATIONAL STANDARD BOOK NUMBER
International Standard Book Number 0-340-801166
082 ## - DEWEY DECIMAL CLASSIFICATION NUMBER
Classification number LECT 658 DEN
100 ## - MAIN ENTRY--PERSONAL NAME
Author name DENBY, N.
245 ## - TITLE STATEMENT
Title AQA GCSE Business studies
250 ## - EDITION STATEMENT
Edition statement 2nd Ed.
260 ## - PUBLICATION, DISTRIBUTION, ETC.
Place of publication, distribution, etc. London,
Name of publisher, distributor, etc. Hodder & Stoughton,
Date of publication, distribution, etc. 2001.
300 ## - PHYSICAL DESCRIPTION
Extent vi, 231p.: ill.; chart, figure, picture & table
Other physical details Index,
Dimensions 28cm.
700 ## - ADDED ENTRY--PERSONAL NAME
Other authors/Editors THOMAS, P.
856 ## - ELECTRONIC LOCATION AND ACCESS
Link text Access online book
Electronic name AQA GCSE Business studies
Path www.hodderheadline.co.uk
942 ## - ADDED ENTRY ELEMENTS (KOHA)
Source of classification or shelving scheme Dewey Decimal Classification
Koha item type Books
Holdings
Date last seen Total checkouts Full call number Barcode Cost, replacement price Price effective from Koha item type Lost status Source of classification or shelving scheme Damaged status Not for loan Withdrawn status Home library Current library Shelving location Date acquired Cost, normal purchase price
06/05/2025   LECT 658 DEN 00000011111 75000.00 06/04/2025 Books   Dewey Decimal Classification       College of Business Education Main Library College of Business Education Main Library General Collection 07/13/2005 25000.00
06/05/2025   LECT 658 DEN 00000011112 75000.00 06/04/2025 Books   Dewey Decimal Classification       College of Business Education Main Library College of Business Education Main Library General Collection 07/13/2005 25000.00
06/05/2025   LECT 658 DEN 00000011113 75000.00 06/04/2025 Books   Dewey Decimal Classification       College of Business Education Main Library College of Business Education Main Library General Collection 07/13/2005 25000.00
06/05/2025   LECT 658 DEN 00000011114 75000.00 06/04/2025 Books   Dewey Decimal Classification       College of Business Education Main Library College of Business Education Main Library General Collection 07/13/2005 25000.00